The satanic verses

Guardat en:
Dades bibliogràfiques
Autor principal: RUSHDIE, Salman
Format: Llibre
Idioma:anglès
Publicat: Penguin Books 1985
Etiquetes: Afegir etiqueta
Sense etiquetes, Sigues el primer a etiquetar aquest registre!

MARC

LEADER 00000nam a22000007a 4500
008 201207b ||||| |||| 00| 0 eng d
020 |a 0-670-82537-9 
100 |a RUSHDIE, Salman. 
245 |a The satanic verses  |c Salman, Rushdie  |g 546p. 
260 |b Penguin Books  |c 1985  |h London  |i 688510  |l PR6068 .U757R89  |m Survival – Fiction  |m East Indians – England – Fiction  |m London (England) – Fiction 
942 |a lcc  |c BK  |e Kuteyi M. A.  |f 7/12/2020 
952 |0 0  |1 0  |2 lcc  |4 0  |6 PR6068 U757 R89  |7 0  |9 138  |a HOL  |b HOL  |c LP  |d 2020-12-07  |l 0  |o PR6068 .U757R89  |p 2020-0094  |r 2020-12-07 00:00:00  |w 2020-12-07  |y BK 
999 |c 48  |d 48